00441 2200169 4500001002100000005001500021035002000036007000300056008004100059020002200100082001200122084001800134100002200152245003100174260003100205300003500236INLIS00000000000031620260114113644 a0010-0126000009ta260114 0 ind  a978-623-180-556-0 a659.144 a659.144 PUS d0 aPuspitasari, Devi1 aDigital Marketing Kelas XI aJakarta :bErlangga,c2023 aix + 267 hlm. ;c17,5 x 25 cm.